| 000 | 00686nam a2200181 i 4500 | ||
|---|---|---|---|
| 001 | 103740 | ||
| 003 | ES-MaACL | ||
| 005 | 20230906183433.0 | ||
| 007 | t| | ||
| 008 | 051117s1910 sp ||||1| spa d | ||
| 100 | 1 |
_aMerino Alvarez, Abelardo. _980534 |
|
| 245 | 1 | 0 |
_aNociones de topografía _b: (levantamientos expeditos y lectura de planos) / _cAbelardo Merino Álvarez. |
| 260 |
_aMadrid : _b[s.n.], _c1910 ( _fImp. del Patronato de Huérfanos de Intendencia e Intervención Militares) |
||
| 300 |
_a124 p., 33 lám. ; _c23 cm. |
||
| 650 | 4 |
_aTopografía. _9136936 |
|
| 710 | 2 |
_aPatronato de Huérfanos de Intendencia e Intervención Militares. _96172 |
|
| 852 |
_aES-MaACL _jF-4387 |
||
| 999 |
_c103740 _d103740 |
||